=LDR 00000nam 2200000 4500 =001 INLIS000000000810080 =005 20251016031610 =035 ##$$a 0010-1025000063 =008 251016###########################0#ind## =245 ##$$a Muktasor Al Fawaid /$c Ibnu Qayyim Al-Jauziyyah =260 ##$:$b Griya Ilmu =082 ##$$a 297.561 =084 ##$$a 297.561 QOY m